01201cam a2200229 a 45000010005000000030008000050050017000130080041000300350050000710400032001210410008001530820024001611000033001852450117002182500013003352600033003483000027003815000118004085050370005266500032008967000043009283197BD-RjUL20211208233707.0131218s1965 enk 000 0 eng d a(BD-RjUL)3231aOCLC ocm11706108 from D951209M aSBLcSBLdEQOdBD-RjULbeng aeng04219a336.2bDOH 19651 aDowell, Stephen,d1833-1898.12aA history of taxation and taxes in England :bfrom the earliest times to the present day /cStephen Dowell.nV-1 a3rd ed / aLondon :bFrank Cass,c1965. axxxi, 244 p. ;c22 cm. aFirst edition published in 4 vols: Longmans Green, 1884. Third ed contains two additional volumes by A.R. Ilersic0 av. 1. Taxation from the earliest times to the Civil War / with a new introduction by A.R. Ilersic -- v. 2. Taxation from the Civil War to the present day -- v. 3. Direct taxes and stamp duties -- v. 4 Taxes on articles of consumption -- v. 5. Budgetary and fiscal policy 1885-1965 / by A.R. Ilersic -- v. 6. Development of the tax system 1885-1965 / by A.R. Ilersic 0aTaxationzEnglandxHistory.1 aIlersic, A. R.q(Alfred Roman),d1920-